International Commercial Terms - INCOTERMS - medzinárodné pravidlá pre výklad dodacích doložiek

Úplné znenie prekladu pravidiel najviac používaných obchodných doložiek v zahraničnom obchode INCOTERMS 1990, ktoré uverejnila Československá obchodná a priemyselná komora v r. 1990. Zverejnenie všeobecných dodacích podmienok je určené ako pomôcka firmám, ktoré vykonávajú obchodný styk so zahraničím...

Description complète

Enregistré dans:
Détails bibliographiques
Format: Chapitre de livre
Langue:slovaque
Sujets:
Tags: Ajouter un tag
Pas de tags, Soyez le premier à ajouter un tag!

MARC

LEADER 00000naa a2200000 4500
001 r015641
005 20221213113203.9
041 0 |a slo 
044 |a SK 
245 1 0 |a International Commercial Terms - INCOTERMS - medzinárodné pravidlá pre výklad dodacích doložiek 
520 |a Úplné znenie prekladu pravidiel najviac používaných obchodných doložiek v zahraničnom obchode INCOTERMS 1990, ktoré uverejnila Československá obchodná a priemyselná komora v r. 1990. Zverejnenie všeobecných dodacích podmienok je určené ako pomôcka firmám, ktoré vykonávajú obchodný styk so zahraničím. 
610 2 0 |a podmienky dodacie 
610 2 0 |a podmienky obchodné 
610 2 0 |a obchod zahraničný 
610 2 0 |a INCOTERMS 1990 
610 2 0 |a styk zahraničnoobchodný 
610 2 0 |a technika obchodná